| 000 | 00512pab a2200181 454500 | ||
|---|---|---|---|
| 008 | 180718b2015 xxu||||| |||| 00| 0 eng d | ||
| 100 | _aGoel, Kritika | ||
| 245 | _aPublic health facilities in North India: an exploratory study in four states | ||
| 260 | _c2015 | ||
| 300 | _ap.53-58. | ||
| 362 | _aMay 23 | ||
| 650 | _aHealth services - India | ||
| 650 | _aPublic health - India | ||
| 650 | _aHealth services | ||
| 700 | _aKhera, Reetika | ||
| 773 | _aEconomic and Political Weekly | ||
| 909 | _a108053 | ||
| 999 |
_c108048 _d108048 |
||